[Event "Mitropa Cup 33rd"]
[Site "Ruzomberok"]
[Date "2014.05.26"]
[Round "4.5"]
[White "Schachinger, Mario"]
[Black "Pinter, Jozsef"]
[Result "1-0"]
[WhiteElo "2425"]
[BlackElo "2555"]
[PlyCount "109"]
[EventDate "2014.05.23"]
[EventType "team-tourn"]
[EventRounds "9"]
[EventCountry "SVK"]
[Source "ChessBase"]
[SourceDate "2014.07.01"]
[WhiteTeam "Austria"]
[BlackTeam "Hungary"]
[WhiteTeamCountry "AUT"]
[BlackTeamCountry "HUN"]

1. d4 Nf6 2. c4 e6 3. Nf3 d5 4. Nc3 c6 5. e3 Nbd7 6. Qc2 Bd6 7. Bd3 O-O 8. O-O
Qe7 9. h3 e5 10. cxd5 cxd5 11. e4 exd4 12. Nxd5 Nxd5 13. exd5 h6 14. Nxd4 Qe5
15. Nf3 Qxd5 16. Rd1 Qc5 17. Bh7+ Kh8 18. Be3 Qxc2 19. Bxc2 Be7 20. Rac1 Nc5
21. Bxc5 Bxc5 22. Bb3 Be7 23. Ne5 Bf6 24. Nxf7+ Kh7 25. Rc7 Bxb2 26. Bc2+ Kg8
27. Bb3 Kh7 28. Nd6 Be5 29. Re7 Bf6 30. Nxc8 Rfxc8 31. Rxb7 a5 32. g3 Kh8 33.
Kg2 a4 34. Be6 Rc5 35. h4 Re5 36. Bf7 Rf8 37. Rdd7 Re2 38. Ra7 Re4 39. Bg6 Rc4
40. Bd3 Rb4 41. Rf7 Rd8 42. Rad7 Rdb8 43. Bg6 Rb2 44. a3 R2b3 45. g4 Rxa3 46.
g5 hxg5 47. hxg5 Bxg5 48. Rxg7 Bf6 49. Rgf7 Ba1 50. Rh7+ Kg8 51. Be4 Rc8 52.
Bd5+ Kf8 53. Rde7 Rd3 54. Rhf7+ Kg8 55. Rg7+ 1-0

[Event "Mitropa Cup 33rd"]
[Site "Ruzomberok"]
[Date "2014.05.24"]
[Round "2.3"]
[White "Brunner, Nicolas"]
[Black "Heimann, Andreas"]
[Result "1/2-1/2"]
[WhiteElo "2441"]
[BlackElo "2524"]
[PlyCount "84"]
[EventDate "2014.05.23"]
[EventType "team-tourn"]
[EventRounds "9"]
[EventCountry "SVK"]
[Source "ChessBase"]
[SourceDate "2014.07.01"]
[WhiteTeam "France"]
[BlackTeam "Germany"]
[WhiteTeamCountry "FRA"]
[BlackTeamCountry "GER"]

1. d4 Nf6 2. c4 e6 3. Nc3 Bb4 4. Nf3 b6 5. Qb3 a5 6. Bg5 Bb7 7. e3 h6 8. Bh4 d6
9. O-O-O Nbd7 10. Bd3 Bxc3 11. Qxc3 Qe7 12. Qc2 g5 13. Bg3 Nh5 14. e4 Nxg3 15.
hxg3 c5 16. d5 O-O-O 17. Kb1 Kc7 18. Rde1 Qf6 19. Rhf1 e5 20. Qd2 Nf8 21. Nh2
Ng6 22. Ng4 Qg7 23. Rh1 Bc8 24. Ne3 Ne7 25. g4 Ng8 26. Qe2 Nf6 27. Rh2 Qg6 28.
g3 h5 29. gxh5 Rxh5 30. Rxh5 Nxh5 31. Rh1 Nf6 32. Nd1 Qg7 33. Nc3 Bd7 34. Qd2
Rg8 35. a3 g4 36. Qh6 Kd8 37. Qxg7 Rxg7 38. Rh8+ Rg8 39. Rh6 Ke7 40. Kc2 Rg7
41. Rh8 Rg8 42. Rh6 Rg7 1/2-1/2

[Event "Mitropa Cup 33rd"]
[Site "Ruzomberok"]
[Date "2014.05.26"]
[Round "4.5"]
[White "Kreisl, Robert"]
[Black "Acs, Peter"]
[Result "1/2-1/2"]
[WhiteElo "2415"]
[BlackElo "2572"]
[PlyCount "63"]
[EventDate "2014.05.23"]
[EventType "team-tourn"]
[EventRounds "9"]
[EventCountry "SVK"]
[Source "ChessBase"]
[SourceDate "2014.07.01"]
[WhiteTeam "Austria"]
[BlackTeam "Hungary"]
[WhiteTeamCountry "AUT"]
[BlackTeamCountry "HUN"]

1. d4 d5 2. c4 c6 3. Nf3 Nf6 4. Nc3 a6 5. e3 b5 6. b3 Bg4 7. Be2 e6 8. h3 Bf5
9. g4 Bg6 10. Ne5 Nfd7 11. Nxg6 hxg6 12. Qc2 Be7 13. Bb2 g5 14. e4 dxc4 15.
bxc4 e5 16. dxe5 bxc4 17. O-O-O Qc7 18. e6 fxe6 19. Bxc4 Rh6 20. Ne2 e5 21. Ng3
g6 22. Bg8 Qb6 23. Qc4 Qc5 24. Bf7+ Kf8 25. Rd3 Rh7 26. Rf3 Qxc4+ 27. Bxc4+ Ke8
28. Rd1 Nb6 29. Bg8 Rg7 30. Be6 N8d7 31. Bxd7+ Nxd7 32. Nf1 1/2-1/2

[Event "Mitropa Cup 33rd"]
[Site "Ruzomberok"]
[Date "2014.05.30"]
[Round "8.3"]
[White "Hera, Imre Jr"]
[Black "Biolek, Richard Jr"]
[Result "0-1"]
[WhiteElo "2559"]
[BlackElo "2418"]
[PlyCount "92"]
[EventDate "2014.05.23"]
[EventType "team-tourn"]
[EventRounds "9"]
[EventCountry "SVK"]
[Source "ChessBase"]
[SourceDate "2014.07.01"]
[WhiteTeam "Hungary"]
[BlackTeam "Czech Republic"]
[WhiteTeamCountry "HUN"]
[BlackTeamCountry "CZE"]

1. c4 Nf6 2. g3 g6 3. Bg2 Bg7 4. Nc3 O-O 5. d4 d6 6. Nf3 Nbd7 7. O-O c6 8. e4
e5 9. h3 Qb6 10. Re1 exd4 11. Nxd4 Re8 12. Nc2 Qa5 13. Bd2 Qc7 14. b3 a6 15.
Rc1 Nh5 16. Ne3 b5 17. cxb5 axb5 18. Nf5 Qb8 19. Nxg7 Nxg7 20. Bh6 b4 21. Na4
c5 22. Rc2 Bb7 23. Rd2 Re6 24. h4 Qe8 25. Rxd6 Rxd6 26. Qxd6 Nf5 27. Qc7 Nxh6
28. Qxb7 Ne5 29. Rd1 Rb8 30. Qc7 c4 31. Nb6 c3 32. Nd5 Kg7 33. Qd6 Nhg4 34. f3
Rd8 35. Nc7 Qd7 36. Qxd7 Rxd7 37. Nd5 Ne3 38. Ra1 Rxd5 39. exd5 Nd3 40. Bf1
Nxf1 41. a4 Nd2 42. d6 Kf6 43. a5 c2 44. d7 Ke7 45. d8=Q+ Kxd8 46. a6 Nb1 0-1

[Event "Mitropa Cup 33rd"]
[Site "Ruzomberok"]
[Date "2014.05.28"]
[Round "6.4"]
[White "Mazur, Stefan"]
[Black "Szabo, Krisztian"]
[Result "0-1"]
[WhiteElo "2426"]
[BlackElo "2543"]
[PlyCount "72"]
[EventDate "2014.05.23"]
[EventType "team-tourn"]
[EventRounds "9"]
[EventCountry "SVK"]
[Source "ChessBase"]
[SourceDate "2014.07.01"]
[WhiteTeam "Slovakia"]
[BlackTeam "Hungary"]
[WhiteTeamCountry "SVK"]
[BlackTeamCountry "HUN"]

1. e4 c5 2. Nf3 d6 3. d4 cxd4 4. Nxd4 Nf6 5. Nc3 a6 6. f4 e5 7. Nf3 Nbd7 8. a4
Qc7 9. Bd3 Be7 10. O-O O-O 11. Kh1 Nc5 12. fxe5 dxe5 13. Bg5 Be6 14. Nh4 Nfxe4
15. Nxe4 Nxe4 16. Bxe7 Qxe7 17. Bxe4 Qxh4 18. Bxb7 Ra7 19. Bd5 Rd7 20. c4 Bxd5
21. cxd5 Qc4 22. d6 Qe6 23. Qe2 Rxd6 24. b4 Rb8 25. b5 axb5 26. axb5 Rdb6 27.
Ra6 h6 28. Rxb6 Rxb6 29. Re1 Qe8 30. Rb1 f5 31. Qc4+ Kh7 32. Qc5 Qe6 33. h3 f4
34. Re1 f3 35. Kh2 Qa2 36. Rg1 Rg6 0-1

[Event "Mitropa Cup 33rd"]
[Site "Ruzomberok"]
[Date "2014.05.27"]
[Round "5.3"]
[White "Barbot, Pierre"]
[Black "Hera, Imre Jr"]
[Result "0-1"]
[WhiteElo "2413"]
[BlackElo "2559"]
[PlyCount "64"]
[EventDate "2014.05.23"]
[EventType "team-tourn"]
[EventRounds "9"]
[EventCountry "SVK"]
[Source "ChessBase"]
[SourceDate "2014.07.01"]
[WhiteTeam "France"]
[BlackTeam "Hungary"]
[WhiteTeamCountry "FRA"]
[BlackTeamCountry "HUN"]

1. d4 Nf6 2. c4 e6 3. Nf3 d5 4. Nc3 dxc4 5. e4 Bb4 6. Bg5 h6 7. Bxf6 Qxf6 8.
Bxc4 O-O 9. O-O c5 10. e5 Qd8 11. dxc5 Bxc3 12. bxc3 Nd7 13. Qd6 Qa5 14. c6
bxc6 15. Bd3 Rb8 16. Rfd1 c5 17. c4 Rd8 18. Qe7 Bb7 19. Be2 Bxf3 20. Bxf3 Nxe5
21. Bh5 g6 22. Be2 Rxd1+ 23. Rxd1 Nc6 24. Qf6 Qxa2 25. Bf1 Nd4 26. h4 Qc2 27.
Qe5 Rb2 28. Qe1 Qf5 29. Ra1 Qg4 30. Ra3 Rb7 31. Qe5 Rb1 32. Re3 Qd1 0-1

[Event "Mitropa Cup 33rd"]
[Site "Ruzomberok"]
[Date "2014.05.27"]
[Round "5.4"]
[White "Tazbir, Marcin"]
[Black "Schachinger, Mario"]
[Result "1-0"]
[WhiteElo "2530"]
[BlackElo "2425"]
[PlyCount "79"]
[EventDate "2014.05.23"]
[EventType "team-tourn"]
[EventRounds "9"]
[EventCountry "SVK"]
[Source "ChessBase"]
[SourceDate "2014.07.01"]
[WhiteTeam "Poland"]
[BlackTeam "Austria"]
[WhiteTeamCountry "POL"]
[BlackTeamCountry "AUT"]

1. e4 e5 2. Nf3 Nc6 3. Bb5 Nf6 4. d3 Bc5 5. c3 O-O 6. O-O d6 7. Nbd2 Bd7 8. b4
Bb6 9. Nc4 Ne7 10. Bxd7 Qxd7 11. a4 c6 12. Nxb6 axb6 13. Be3 b5 14. axb5 cxb5
15. Qb3 Ra4 16. h3 Rfa8 17. Qb2 Ng6 18. Rxa4 bxa4 19. c4 b5 20. Nd2 Nh5 21.
cxb5 d5 22. exd5 Qxd5 23. Qc2 Qxb5 24. Qc4 Qb7 25. b5 Nhf4 26. Qe4 Nd5 27. b6
a3 28. Ra1 a2 29. Nc4 Qc6 30. Nxe5 Nxe5 31. Qxe5 f6 32. Qb2 Nxe3 33. fxe3 Qe6
34. b7 Rb8 35. Rxa2 Qxe3+ 36. Kh1 Kf7 37. Ra8 Qf4 38. Rxb8 Qxb8 39. Qa2+ Ke7
40. Qa8 1-0

[Event "Mitropa Cup 33rd"]
[Site "Ruzomberok"]
[Date "2014.05.29"]
[Round "7.3"]
[White "Jurcik, Marian"]
[Black "Diermair, Andreas"]
[Result "1-0"]
[WhiteElo "2469"]
[BlackElo "2451"]
[PlyCount "127"]
[EventDate "2014.05.23"]
[EventType "team-tourn"]
[EventRounds "9"]
[EventCountry "SVK"]
[Source "ChessBase"]
[SourceDate "2014.07.01"]
[WhiteTeam "Slovakia"]
[BlackTeam "Austria"]
[WhiteTeamCountry "SVK"]
[BlackTeamCountry "AUT"]

1. e4 e5 2. Nf3 Nc6 3. Bb5 a6 4. Ba4 Nf6 5. O-O Be7 6. Re1 b5 7. Bb3 d6 8. c3
O-O 9. h3 Bb7 10. d4 Re8 11. Ng5 Rf8 12. Nf3 Re8 13. Nbd2 Bf8 14. d5 Nb8 15.
Nf1 Nbd7 16. N3h2 Nc5 17. Bc2 c6 18. b4 Ncd7 19. dxc6 Bxc6 20. Bg5 h6 21. Bxf6
Nxf6 22. Ng4 Nxg4 23. Qxg4 Bd7 24. Qf3 Rc8 25. Bb3 Be6 26. Qd3 Qc7 27. Ne3 Qxc3
28. Qxc3 Rxc3 29. Nd5 Bxd5 30. Bxd5 Be7 31. a4 Rc7 32. axb5 axb5 33. Rec1 Rxc1+
34. Rxc1 Bg5 35. Rc7 Re7 36. Rc8+ Kh7 37. Rb8 Rc7 38. g3 Rc1+ 39. Kg2 Rc2 40.
Rb7 Bd2 41. h4 Bxb4 42. h5 Be1 43. Kf1 Ba5 44. Bxf7 Rc8 45. Rxb5 Bd8 46. Rb7
Bf6 47. Kg2 Rd8 48. Kh3 Kh8 49. Kg4 Kh7 50. Kf5 Rf8 51. Ke6 Rd8 52. Rd7 Rxd7
53. Kxd7 g5 54. hxg6+ Kg7 55. Kxd6 h5 56. f3 Bd8 57. Ke6 Bc7 58. Kf5 Bd8 59.
Kxe5 Bc7+ 60. Kf5 Bxg3 61. f4 Bh4 62. Ke6 Bd8 63. f5 h4 64. e5 1-0

[Event "Mitropa Cup 33rd"]
[Site "Ruzomberok"]
[Date "2014.05.23"]
[Round "1.3"]
[White "Froewis, Georg"]
[Black "Svane, Rasmus"]
[Result "1/2-1/2"]
[WhiteElo "2438"]
[BlackElo "2490"]
[PlyCount "65"]
[EventDate "2014.05.23"]
[EventType "team-tourn"]
[EventRounds "9"]
[EventCountry "SVK"]
[Source "ChessBase"]
[SourceDate "2014.07.01"]
[WhiteTeam "Austria"]
[BlackTeam "Germany"]
[WhiteTeamCountry "AUT"]
[BlackTeamCountry "GER"]

1. d4 d5 2. c4 c6 3. Nf3 Nf6 4. Nc3 e6 5. e3 a6 6. Qc2 c5 7. cxd5 exd5 8. Be2
Be6 9. O-O Nc6 10. Rd1 cxd4 11. Nxd4 Nxd4 12. Rxd4 Bc5 13. Rd1 Qe7 14. Bf3 O-O
15. Nxd5 Nxd5 16. Bxd5 Bxd5 17. Rxd5 Rac8 18. Bd2 Bxe3 19. Bc3 Bb6 20. Qf5 Qe6
21. Rad1 Qxf5 22. Rxf5 Rcd8 23. Rfd5 f6 24. Kf1 Rxd5 25. Rxd5 Rd8 26. Rxd8+
Bxd8 27. Ke2 Kf7 28. Kd3 Ke6 29. Ke4 g6 30. b3 Bc7 31. h3 f5+ 32. Kd3 Kd5 33.
Bd2 1/2-1/2

[Event "Mitropa Cup 33rd"]
[Site "Ruzomberok"]
[Date "2014.05.31"]
[Round "9.4"]
[White "Szabo, Krisztian"]
[Black "Berchtenbreiter, Maximilian"]
[Result "1-0"]
[WhiteElo "2543"]
[BlackElo "2409"]
[PlyCount "81"]
[EventDate "2014.05.23"]
[EventType "team-tourn"]
[EventRounds "9"]
[EventCountry "SVK"]
[Source "ChessBase"]
[SourceDate "2014.07.01"]
[WhiteTeam "Hungary"]
[BlackTeam "Germany"]
[WhiteTeamCountry "HUN"]
[BlackTeamCountry "GER"]

1. e4 c5 2. Nf3 e6 3. d4 cxd4 4. Nxd4 a6 5. c4 Qc7 6. a3 b6 7. Nc3 Bb7 8. Be3
Nf6 9. f3 Be7 10. Be2 O-O 11. O-O Bd6 12. Kh1 Be7 13. Qd2 d6 14. b4 Nbd7 15.
Rac1 Rac8 16. Na4 Qb8 17. Rc2 g6 18. Rfc1 Rfe8 19. Bf1 Kh8 20. Qf2 Rg8 21. Nb3
b5 22. cxb5 Rxc2 23. Rxc2 axb5 24. Nc3 g5 25. h3 Ne5 26. Na5 Ba8 27. Bd4 h5 28.
Bxb5 g4 29. Bxe5 dxe5 30. Bc6 Bxb4 31. axb4 Qxb4 32. Bxa8 Qxa5 33. Bc6 Rc8 34.
Nd1 g3 35. Qxg3 Qa1 36. Qe1 Kg7 37. Qd2 Kg6 38. Kh2 h4 39. Nf2 Nh5 40. Rc1 Qa7
41. Ng4 1-0

[Event "Mitropa Cup 33rd"]
[Site "Ruzomberok"]
[Date "2014.05.29"]
[Round "7.2"]
[White "Loetscher, Roland"]
[Black "Heimann, Andreas"]
[Result "1/2-1/2"]
[WhiteElo "2418"]
[BlackElo "2524"]
[PlyCount "117"]
[EventDate "2014.05.23"]
[EventType "team-tourn"]
[EventRounds "9"]
[EventCountry "SVK"]
[Source "ChessBase"]
[SourceDate "2014.07.01"]
[WhiteTeam "Switzerland"]
[BlackTeam "Germany"]
[WhiteTeamCountry "SUI"]
[BlackTeamCountry "GER"]

1. d4 Nf6 2. c4 e6 3. g3 c5 4. dxc5 Bxc5 5. Bg2 Nc6 6. Nf3 O-O 7. O-O d5 8.
cxd5 exd5 9. Bg5 Be6 10. Qc2 Be7 11. Nc3 h6 12. Bf4 Qb6 13. Na4 Qb5 14. Nc3 Qb6
15. Na4 Qb5 16. Nc3 Qc4 17. Rfc1 d4 18. Ne4 Qxc2 19. Nxf6+ Bxf6 20. Rxc2 Rad8
21. Ne1 Rfe8 22. Nd3 Bf5 23. Rd1 Re7 24. Kf1 Ne5 25. Bxe5 Bxe5 26. Rc5 Bxd3 27.
Rxd3 b6 28. Rc2 Rdd7 29. Rc8+ Kh7 30. Ke1 Rc7 31. Rxc7 Rxc7 32. Kd2 g6 33. Rb3
Rc5 34. Be4 Ra5 35. a3 Rc5 36. Rb4 Kg7 37. Bb1 Kf8 38. Ba2 Ke7 39. Rb3 h5 40.
Rf3 f5 41. Rb3 Bf6 42. Rb4 Kf8 43. Bb1 Bg5+ 44. f4 Bf6 45. h4 Kg7 46. Bd3 Rc7
47. Rb5 Rd7 48. Ke1 Be7 49. Re5 Rc7 50. Kd2 Kf7 51. Rd5 Bf6 52. Rb5 Be7 53. Rb3
Kg7 54. Ba6 Rc5 55. Rb5 Rxb5 56. Bxb5 a5 57. Kd3 Bc5 58. Be8 Kf6 59. Bb5
1/2-1/2

[Event "Mitropa Cup 33rd"]
[Site "Ruzomberok"]
[Date "2014.05.28"]
[Round "6.2"]
[White "Krejci, Jan1"]
[Black "Loetscher, Roland"]
[Result "1-0"]
[WhiteElo "2525"]
[BlackElo "2418"]
[PlyCount "127"]
[EventDate "2014.05.23"]
[EventType "team-tourn"]
[EventRounds "9"]
[EventCountry "SVK"]
[Source "ChessBase"]
[SourceDate "2014.07.01"]
[WhiteTeam "Czech Republic"]
[BlackTeam "Switzerland"]
[WhiteTeamCountry "CZE"]
[BlackTeamCountry "SUI"]

1. e4 c5 2. Nf3 g6 3. d4 cxd4 4. Qxd4 Nf6 5. Nc3 Nc6 6. Qa4 d6 7. e5 Ng4 8.
exd6 Qxd6 9. Bf4 Qc5 10. O-O-O Bg7 11. Nd5 O-O 12. b4 Nxb4 13. Qxb4 Qxb4 14.
Nxb4 Nxf2 15. Bc4 Nxh1 16. Rxh1 Rd8 17. Rf1 Bf5 18. Nd5 Kf8 19. Ne3 Rac8 20.
Bb3 Bd3 21. Rf2 f6 22. g4 Ke8 23. Nd5 e5 24. Bd2 Bc4 25. Ne3 Bxb3 26. axb3 Ke7
27. h4 Ke6 28. h5 b5 29. Ng2 gxh5 30. gxh5 Bf8 31. Be3 Rd7 32. Nd2 a5 33. Kb2
a4 34. Ne4 Be7 35. Nh4 axb3 36. cxb3 Ra8 37. Bc5 Bd8 38. Nf5 Rd1 39. Ng7+ Kf7
40. h6 Ra6 41. Rg2 Rh1 42. Rd2 Ra8 43. Nd6+ Kg8 44. Ngf5 Rh5 45. Be3 Kf8 46.
Rg2 Be7 47. Rg7 Bxd6 48. Nxd6 Rh2+ 49. Kc3 Rh3 50. Nf5 Rf3 51. Kb4 Rc8 52. Nd6
Rxe3 53. Nxc8 Rh3 54. Rxh7 Kg8 55. Rg7+ Kf8 56. Nd6 Rxh6 57. Rf7+ Kg8 58. Rb7
Rh3 59. Nxb5 f5 60. Re7 e4 61. Nd6 Rf3 62. Re5 e3 63. Nxf5 e2 64. Nd4 1-0

[Event "Mitropa Cup 33rd"]
[Site "Ruzomberok"]
[Date "2014.05.25"]
[Round "3.3"]
[White "Hug, Werner"]
[Black "Brunner, Nicolas"]
[Result "1/2-1/2"]
[WhiteElo "2474"]
[BlackElo "2441"]
[PlyCount "62"]
[EventDate "2014.05.23"]
[EventType "team-tourn"]
[EventRounds "9"]
[EventCountry "SVK"]
[Source "ChessBase"]
[SourceDate "2014.07.01"]
[WhiteTeam "Switzerland"]
[BlackTeam "France"]
[WhiteTeamCountry "SUI"]
[BlackTeamCountry "FRA"]

1. d4 Nf6 2. Nf3 d5 3. g3 Bf5 4. Bg2 e6 5. O-O h6 6. c4 c6 7. b3 Nbd7 8. Bb2
Bd6 9. Nbd2 O-O 10. h3 Ne4 11. e3 Ndf6 12. a3 a5 13. Nxe4 Nxe4 14. Nd2 Nxd2 15.
Qxd2 Qe7 16. Bc3 b6 17. a4 Bg6 18. Rfc1 Rfc8 19. Qe2 Ba3 20. Rd1 Bb4 21. Qd2
Bd6 22. Rdc1 Kh7 23. Qe2 Ba3 24. Bb2 Bb4 25. e4 dxe4 26. Bxe4 Bxe4 27. Qxe4+
Kg8 28. Rc2 Qd7 29. Rd1 Rd8 30. Re2 Rac8 31. h4 Be7 1/2-1/2

[Event "Mitropa Cup 33rd"]
[Site "Ruzomberok"]
[Date "2014.05.31"]
[Round "9.2"]
[White "Kreisl, Robert"]
[Black "Krejci, Jan1"]
[Result "0-1"]
[WhiteElo "2415"]
[BlackElo "2525"]
[PlyCount "110"]
[EventDate "2014.05.23"]
[EventType "team-tourn"]
[EventRounds "9"]
[EventCountry "SVK"]
[Source "ChessBase"]
[SourceDate "2014.07.01"]
[WhiteTeam "Austria"]
[BlackTeam "Czech Republic"]
[WhiteTeamCountry "AUT"]
[BlackTeamCountry "CZE"]

1. Nf3 d5 2. d4 Nf6 3. c4 c6 4. Nc3 e6 5. e3 Nbd7 6. Qc2 Bd6 7. Bd3 O-O 8. O-O
h6 9. Rd1 Qe7 10. h3 b6 11. Bd2 Bb7 12. Rac1 Rac8 13. cxd5 cxd5 14. Qa4 a6 15.
Ne2 b5 16. Qa5 Rxc1 17. Rxc1 e5 18. dxe5 Nxe5 19. Nxe5 Qxe5 20. f4 Qxb2 21. Rc2
Qa3 22. Qxa3 Bxa3 23. Rc7 Rb8 24. Nd4 Bd6 25. Rc1 Ne4 26. Bxe4 dxe4 27. Nf5 Bf8
28. Rc7 Bd5 29. Ne7+ Bxe7 30. Rxe7 b4 31. Bc1 Bxa2 32. Rxe4 a5 33. Bb2 a4 34.
Be5 Rb7 35. Rd4 f6 36. Rd8+ Kh7 37. Bd4 b3 38. Ra8 b2 39. Bxb2 Rxb2 40. Rxa4 f5
41. g4 Bb1 42. gxf5 Bxf5 43. e4 Bxh3 44. f5 Rg2+ 45. Kh1 Rg4 46. Kh2 Bg2 47. f6
gxf6 48. Ra6 Bxe4 49. Rxf6 Rg5 50. Rf4 Bf5 51. Ra4 Kg6 52. Ra6+ Kh5 53. Rb6 Rg4
54. Rb5 Kg5 55. Ra5 Rc4 0-1

[Event "Mitropa Cup 33rd"]
[Site "Ruzomberok"]
[Date "2014.05.24"]
[Round "2.4"]
[White "Hug, Werner"]
[Black "Froewis, Georg"]
[Result "1/2-1/2"]
[WhiteElo "2474"]
[BlackElo "2438"]
[PlyCount "99"]
[EventDate "2014.05.23"]
[EventType "team-tourn"]
[EventRounds "9"]
[EventCountry "SVK"]
[Source "ChessBase"]
[SourceDate "2014.07.01"]
[WhiteTeam "Switzerland"]
[BlackTeam "Austria"]
[WhiteTeamCountry "SUI"]
[BlackTeamCountry "AUT"]

1. d4 d5 2. Bf4 Nf6 3. e3 c5 4. Nf3 Nc6 5. c3 Qb6 6. Qb3 c4 7. Qc2 Bf5 8. Qc1
e6 9. Nbd2 Be7 10. Be2 O-O 11. O-O Rfc8 12. Ne5 Nxe5 13. Bxe5 Qd8 14. Bxf6 Bxf6
15. Bd1 b5 16. Bc2 Bxc2 17. Qxc2 Rab8 18. a3 a5 19. e4 b4 20. axb4 axb4 21.
exd5 exd5 22. Rfe1 Ra8 23. Nf1 Rxa1 24. Rxa1 Ra8 25. Qd1 b3 26. g3 g6 27. Ne3
Bg5 28. f4 Bf6 29. Kf2 Ra5 30. Rxa5 Qxa5 31. Qh1 Bxd4 32. cxd4 Qd2+ 33. Kf3 c3
34. Qa1 c2 35. Qa8+ Kg7 36. Qxd5 c1=Q 37. Qe5+ Kg8 38. Qe8+ Kg7 39. Qe5+ Kf8
40. Qb8+ Ke7 41. Nd5+ Ke6 42. Qe5+ Kd7 43. Nf6+ Kc8 44. Qe8+ Kb7 45. Qb5+ Ka7
46. Qa4+ Kb7 47. Qb5+ Kc7 48. Qe5+ Kc6 49. Qe8+ Kc7 50. Qe5+ 1/2-1/2

[Event "Mitropa Cup 33rd"]
[Site "Ruzomberok"]
[Date "2014.05.28"]
[Round "6.4"]
[White "Berchtenbreiter, Maximilian"]
[Black "Tazbir, Marcin"]
[Result "1-0"]
[WhiteElo "2409"]
[BlackElo "2530"]
[PlyCount "51"]
[EventDate "2014.05.23"]
[EventType "team-tourn"]
[EventRounds "9"]
[EventCountry "SVK"]
[Source "ChessBase"]
[SourceDate "2014.07.01"]
[WhiteTeam "Germany"]
[BlackTeam "Poland"]
[WhiteTeamCountry "GER"]
[BlackTeamCountry "POL"]

1. e4 c5 2. Nf3 Nc6 3. d4 cxd4 4. Nxd4 Qc7 5. Nc3 e6 6. g3 a6 7. Bg2 Nge7 8.
Nb3 h5 9. Bf4 Ne5 10. Bxe5 Qxe5 11. f4 Qc7 12. e5 Nf5 13. Be4 g6 14. Qf3 d6 15.
Bxf5 gxf5 16. exd6 Bxd6 17. O-O-O Bd7 18. Qe3 O-O-O 19. Rd3 h4 20. Rhd1 Bc6 21.
Na5 hxg3 22. Nxc6 gxh2 23. Nb5 axb5 24. Na7+ Kb8 25. Nxb5 Bc5 26. Qe5 1-0

[Event "Mitropa Cup 33rd"]
[Site "Ruzomberok"]
[Date "2014.05.29"]
[Round "7.2"]
[White "Kreisl, Robert"]
[Black "Petrik, Tomas"]
[Result "1/2-1/2"]
[WhiteElo "2415"]
[BlackElo "2511"]
[PlyCount "136"]
[EventDate "2014.05.23"]
[EventType "team-tourn"]
[EventRounds "9"]
[EventCountry "SVK"]
[Source "ChessBase"]
[SourceDate "2014.07.01"]
[WhiteTeam "Austria"]
[BlackTeam "Slovakia"]
[WhiteTeamCountry "AUT"]
[BlackTeamCountry "SVK"]

1. Nf3 Nf6 2. c4 b6 3. g3 Bb7 4. Bg2 c5 5. O-O g6 6. b3 Bg7 7. Bb2 O-O 8. Nc3
d6 9. d4 Nbd7 10. Rc1 cxd4 11. Qxd4 Rc8 12. Rfd1 Rc5 13. Qd2 Qa8 14. Ne1 Rfc8
15. Bxb7 Qxb7 16. Ng2 Ne4 17. Nxe4 Qxe4 18. Bxg7 Kxg7 19. Rc3 Nf6 20. a4 Qb7
21. Rd3 a6 22. Ne3 Kg8 23. f3 Qc6 24. Rd4 Re5 25. Kg2 Kg7 26. Rh4 Kg8 27. Rd4
h5 28. Nd5 Nxd5 29. Rxd5 Rxd5 30. Qxd5 Qxd5 31. Rxd5 Rc5 32. Rd4 Kf8 33. Kf2
Ke8 34. Ke3 Kd7 35. b4 Rc8 36. Kd3 Kc6 37. Kc3 e6 38. h4 a5 39. Rd1 axb4+ 40.
Kxb4 Ra8 41. e4 f5 42. Re1 e5 43. f4 Re8 44. exf5 gxf5 45. fxe5 dxe5 46. Kc3
Re6 47. Rf1 Rf6 48. Kd3 Rf8 49. Rf2 e4+ 50. Ke3 Kc5 51. Rb2 Rf6 52. a5 bxa5 53.
Rb5+ Kxc4 54. Rxa5 Rf8 55. Re5 Rf7 56. Ra5 Rf6 57. Re5 Rf8 58. Ra5 Kc3 59. Rc5+
Kb3 60. Rb5+ Kc2 61. Ra5 Rf7 62. Rd5 Kc3 63. Rc5+ Kb4 64. Re5 Rf8 65. Rd5 Kc4
66. Ra5 Rf7 67. Re5 Rf6 68. Ra5 Rf8 1/2-1/2

[Event "Mitropa Cup 33rd"]
[Site "Ruzomberok"]
[Date "2014.05.30"]
[Round "8.3"]
[White "Barbot, Pierre"]
[Black "Petrik, Tomas"]
[Result "1-0"]
[WhiteElo "2413"]
[BlackElo "2511"]
[PlyCount "133"]
[EventDate "2014.05.23"]
[EventType "team-tourn"]
[EventRounds "9"]
[EventCountry "SVK"]
[Source "ChessBase"]
[SourceDate "2014.07.01"]
[WhiteTeam "France"]
[BlackTeam "Slovakia"]
[WhiteTeamCountry "FRA"]
[BlackTeamCountry "SVK"]

1. c4 Nf6 2. Nc3 e6 3. e4 d5 4. e5 d4 5. exf6 dxc3 6. bxc3 Qxf6 7. Nf3 e5 8.
Bd3 Bd6 9. O-O Na6 10. Bc2 Bg4 11. d4 Bxf3 12. Qxf3 Qxf3 13. gxf3 exd4 14. cxd4
c5 15. Re1+ Kd7 16. d5 Kc7 17. Bb2 Rae8 18. Re4 Nb4 19. Bb1 f6 20. a3 Na6 21.
Bc2 Nb8 22. Rae1 Rxe4 23. Rxe4 Nd7 24. Kg2 a6 25. Bc3 Rd8 26. Ba4 Ne5 27. Bc2
Rf8 28. f4 Nf7 29. Kf3 b6 30. Re1 h6 31. Bg6 Nh8 32. Bd3 Nf7 33. h4 Nd8 34. Bg6
Nb7 35. a4 Rb8 36. Re6 Na5 37. Bd3 Nb3 38. Kg4 Nd4 39. Re1 Kd7 40. Rb1 Bc7 41.
Kh5 Bxf4 42. Kg6 Nf3 43. h5 Ne5+ 44. Bxe5 fxe5 45. Kxg7 Kc7 46. Be4 Rd8 47. Rg1
b5 48. axb5 axb5 49. cxb5 Kb6 50. Kf7 Bg5 51. Rxg5 hxg5 52. h6 Kxb5 53. h7 c4
54. d6 Kb6 55. Ke7 Rh8 56. Kf6 Rd8 57. Kxe5 c3 58. f3 Rf8 59. Ke6 Rd8 60. Ke7
Rh8 61. Bf5 Kc6 62. d7 Kc7 63. Kf6 Rd8 64. Kg7 c2 65. Bxc2 Rxd7+ 66. Kh6 Rd8
67. Bb3 1-0

[Event "Mitropa Cup 33rd"]
[Site "Ruzomberok"]
[Date "2014.05.27"]
[Round "5.3"]
[White "Biolek, Richard Jr"]
[Black "Svane, Rasmus"]
[Result "1/2-1/2"]
[WhiteElo "2418"]
[BlackElo "2490"]
[PlyCount "45"]
[EventDate "2014.05.23"]
[EventType "team-tourn"]
[EventRounds "9"]
[EventCountry "SVK"]
[Source "ChessBase"]
[SourceDate "2014.07.01"]
[WhiteTeam "Czech Republic"]
[BlackTeam "Germany"]
[WhiteTeamCountry "CZE"]
[BlackTeamCountry "GER"]

1. d4 Nf6 2. c4 g6 3. Nc3 d5 4. Bg5 Bg7 5. Bxf6 Bxf6 6. cxd5 c6 7. e3 cxd5 8.
Bb5+ Bd7 9. Bxd7+ Qxd7 10. Nge2 Nc6 11. Nf4 e6 12. Nd3 b6 13. Rc1 Rc8 14. O-O
Na5 15. Qf3 Bg7 16. Rc2 O-O 17. Rfc1 Rc6 18. b3 Rfc8 19. Nb4 R6c7 20. Na6 Rc6
21. Nb4 R6c7 22. Na6 Rc6 23. Nb4 1/2-1/2